• 首页
  • 本馆介绍
  • 公告通知
  • 最新文献
  • 馆藏检索
  • 电子资源
  • 读者导购
  • 参考咨询
  • 我的图书馆
  • 登录
  • 详细信息显示
  • 放入我的书架
  • 预约/预借图书
  • 作者相关作品
  • 分类相关作品
  • 丛书相关作品
  • 出版社相关作品

书目信息

  • 表格格式
  • 工作单格式
  • 卡片格式
题名:
刑事诉讼举证责任 六
    
 
作者: 宋纯新 主编
分册:  
出版信息: 北京   中国方正出版社  2001
页数: 3036-3557页
开本: 19cm
丛书名: 诉讼举证责任丛书
单 册:
中图分类: D925.213.4
科图分类:
主题词: 刑事诉讼--举证责任--中国 , 刑事诉讼 , 举证责任
电子资源:
ISBN: 7-80107-461-0
000 00777oam2 2200265 45
001 (011001)c2001047258
005 20090908090106.95
009 (011001)c2001047258
010    @a7-80107-461-0@dCNY30.00
035    @a(011001)c2001047258
100    @a20010521d2001 em y0chiy0110 ea
101 0  @achi
102    @aCN@b110000
105    @ay z 000yy
200 1  @a刑事诉讼举证责任 六@Axing shi su song ju zheng ze ren liu@f宋纯新主编@Fsong chun xin zhu bian
210    @a北京@c中国方正出版社@d2001
215    @a3036-3557页@d19cm
225 2  @a诉讼举证责任丛书
606 0  @a刑事诉讼@x举证责任@y中国
606 0  @a刑事诉讼
606 0  @a举证责任
690    @aD925.213.4@v4
701  0 @a宋纯新@Asong chun xin@4主编
801  0 @aCN@c20090908
905    @aBZT@dD925.213.4@e1-6
    
    刑事诉讼举证责任 六/宋纯新主编.-北京:中国方正出版社,2001
    3036-3557页;19cm.-(诉讼举证责任丛书)
    
    
    ISBN 7-80107-461-0:CNY30.00
    
●
相关链接 在五车中查询图书 在当当中查询图书 在豆瓣中查询图书


正题名:刑事诉讼举证责任 六     索取号:D925.213.4/1-6         预约/预借

序号 登录号 条形码 馆藏地/架位号 状态 备注
1 399876   210279624   中心书库南/014架A面1层7列/ [索取号:D925.213.4/1-6] 在馆    
2 399877   210279615   中心书库南/014架A面1层7列/ [索取号:D925.213.4/1-6] 在馆    
3 399878   210279642   中心书库南/014架A面1层7列/ [索取号:D925.213.4/1-6] 在馆    
4 399879   210279633   中心书库南/014架A面1层7列/ [索取号:D925.213.4/1-6] 在馆    
5 399880   210279660   中心书库南/014架A面1层7列/ [索取号:D925.213.4/1-6] 在馆    
6 399881   210279651   中心书库南/014架A面1层7列/ [索取号:D925.213.4/1-6] 在馆    
7 399882   210279688   中心书库南/014架A面1层7列/ [索取号:D925.213.4/1-6] 在馆    
8 399883   210279679   中心书库南/014架A面1层7列/ [索取号:D925.213.4/1-6] 在馆    
9 399884   210279704   中心书库南/014架A面1层7列/ [索取号:D925.213.4/1-6] 在馆    
10 399885   210279697   中心书库南/014架A面1层7列/ [索取号:D925.213.4/1-6] 在馆    
11 426061   210539791   中心书库南/014架A面1层7列/ [索取号:D925.213.4/1-6] 在馆    
12 426062   210539782   中心书库南/014架A面1层7列/ [索取号:D925.213.4/1-6] 在馆    
13 426063   210539773   中心书库南/014架A面1层7列/ [索取号:D925.213.4/1-6] 在馆    
14 426064   210539764   中心书库南/014架A面1层7列/ [索取号:D925.213.4/1-6] 在馆    
15 426065   210539755   中心书库南/014架A面1层7列/ [索取号:D925.213.4/1-6] 在馆    
16 426066   210539746   中心书库南/014架A面1层7列/ [索取号:D925.213.4/1-6] 在馆    
17 426067   210539737   中心书库南/014架A面1层7列/ [索取号:D925.213.4/1-6] 在馆    
18 426068   210539728   中心书库南/014架A面1层7列/ [索取号:D925.213.4/1-6] 在馆    
19 426069   210539719   中心书库南/014架A面1层7列/ [索取号:D925.213.4/1-6] 在馆    
20 426070   210539700   中心书库南/014架A面1层7列/ [索取号:D925.213.4/1-6] 在馆    
山东省滨州职业学院图书馆 欢迎您!
大连网信软件有限公司© 版权所有